000 00760nam a2200229 a 4500
003 BD-DhJNU
005 20250206060337.0
008 110328s1989 bg a g 000 0 eng d
020 _a9840511084
040 _aBD-DhJNU
_bENG
_cBD-DhJNU
_dBD-DhJNU
082 0 4 _a387.2 JAC
_223
245 0 4 _aThe country boats of Bangladesh:
_bsocial and economic development and decision-making in inland water transport /
_cEirik G Jansen ... [et al.].
250 _a1st ed.
260 _aDhaka :
_bTheUniversity Press Limited,
_c1989.
300 _axx,279p. :
_bill. ;
_c22cm.
504 _aIncludes bibliographical references and index
650 1 7 _aSocial Science
650 1 7 _aEconomic development
651 4 _aBangladesh
700 1 _aJansen, Eirik G
942 _cBK
999 _c1259
_d1259